Old movies from the USA by Picture (1950’s) - Statistics

General Stats
  • This quiz has been taken 23 times
  • The average score is 8 of 16
Answer Stats
Picture Answer % Correct
North by northwest (Alfred Hitchcock)
90%
Singin’ in the rain (Stanley Donen)
90%
Rear Window (Alfred Hitchcock)
81%
Rebel without a cause (Nicholas Ray)
76%
Some like it hot (Billy Wilder)
76%
Sunset Boulevard (Billy Wilder)
71%
Vertigo (Alfred Hitchcock)
67%
All about Ève (Joseph.L. Mankiewicz)
62%
On the waterfront (Elia Kazan)
57%
Rio Bravo (Howard Hawks)
43%
The Searchers (John Ford)
38%
Paths of glory (Stanley Kubrick)
33%
The Big Sky (Howard Hawks)
19%
A place in the sun (Georges Stevens)
10%
Bend of the river (Anthony Mann)
10%
Detective story (William Wyler)
5%
No matching quizzes found
Score Distribution
Percent of People with Each Score
Percentile by Number Answered
Your Score History
You have not taken this quiz